| 000 | 01114nac a22003257a 4500 | ||
|---|---|---|---|
| 001 | BR7703962 | ||
| 003 | BR-BrBNA | ||
| 005 | 20240105114118.0 | ||
| 008 | 230509b bl.|||m| |||| 00| 0 por d | ||
| 040 |
_aBR-BrBNA _bpor _cBiblioteca Nacional de Agricultura |
||
| 072 | _aL30 | ||
| 090 | _a5300 BR7703962 | ||
| 100 | 1 | _aPinheiro, M.J.P. | |
| 110 | 1 |
_aEscola Superior de Agricultura de Mossoro, RN (Brasil); _94362 |
|
| 110 | 1 |
_aUniversidade Federal de Santa Maria, RS (Brasil) _99701 |
|
| 245 | 1 | _aEfeitos da adicao de hidroxido de calcio e sulfato ferroso no farelo de algodao, em dietas para suinos em crescimento e terminacao [Brasil] | |
| 260 | 3 |
_aSanta Maria, RS (Brasil): _c1977. |
|
| 300 | _a69 p. | ||
| 490 |
_aColecao Mossoroense. Serie A (Brazil) _vno. 6 _x |
||
| 500 | _a30 tables; Bibliography p. 51-59 (79 ref.); Summary (Pt) | ||
| 502 | _aTese (Mestre) | ||
| 650 | _aSuino | ||
| 650 | _aHidroxido de calcio | ||
| 650 | _aSulfato ferroso | ||
| 650 | _aFarelo | ||
| 650 | _aAlgodao | ||
| 650 | _aDieta | ||
| 909 |
_a202312 _bLúcia Elande _c55 _dLúcia Elande |
||
| 942 |
_2AGRIS _n0 _cMS |
||
| 999 |
_c267444 _d267444 |
||